Atlas of economic development

Сохранить в:
Библиографические подробности
Главный автор: Norton Ginsburg
Формат:
Язык:Undetermined
Опубликовано: Chicago Univ. of Chicago Press 1961
Предметы:
Метки: Добавить метку
Нет меток, Требуется 1-ая метка записи!
Thư viện lưu trữ: Trung tâm Học liệu Trường Đại học Cần Thơ
LEADER 00488nam a2200181Ia 4500
001 CTU_26776
008 210402s9999 xx 000 0 und d
082 |a 912 
082 |b G492 
100 |a Norton Ginsburg 
245 0 |a Atlas of economic development 
245 0 |c Norton Ginsburg 
260 |a Chicago 
260 |b Univ. of Chicago Press 
260 |c 1961 
650 |a atlases,world geography 
904 |i Minh, 981020 
980 |a Trung tâm Học liệu Trường Đại học Cần Thơ